000
002950000a22001090004500
100
1
_a
Gattinoni, Juan
245
1
0
_a
Manual de culto : útil para o preparo, mas limitante na celebraçao
300
_a
Num. 10 (Mayo, 2003), Página 16
700
1
_a
Oberman, Gerardo
773
0
_t
TEAR
942
_c
ANA
999
_c
55813
_d
55813